000 00750nab a2200205 i 4500
001 180776
003 ES-MaACL
005 20250902212117.0
008 120711s1913 sp 000 0 spa d
100 1 _aMaestre, Tomás,
_d1857-1936
_eaut
_975394
245 1 4 _aLos degenerados ante la ley /
_cpor Tomás Maestre
300 _aPáginas 14-24
594 _aPrecede al título: Conferencias en San Carlos
650 7 _aEnajenación mental (Derecho penal)-
_zEspaña
_9154233
655 4 _aConferencias
_9234444
710 2 _aColegio de San Carlos (Madrid)
_eisb
_9174691
773 0 _tLa Palabra : revista taquigráfica,
_xISSN 2479-7723,
_gN. 8 (15 abril 1913), p. 14-24
_w2879
_02879
_92987
942 _cANAB
_2udc
_n0
999 _c180776
_d180776